000 00392nam a22001577a 4500
003 MPLRDC
005 20220104164650.0
008 210129b ||||| |||| 00| 0 eng d
082 _a524.965 CHIM 1970
100 _aCHONG SECK-CHIM
245 _aLIFE AND WORK AT HOME AND OVERSEAS
_c
260 _a
_bOXFORD UNIVERSITY
_c1970
300 _b
650 _a
942 _cBK
_o524.965 CHIM 1970
999 _c57090
_d57080